000 00862nam a2200265 i 4500
003 DO-SdBNP
005 20250402140050.0
007 ta
008 240402b2011 dr ac||| |||| 00| 0 spa d
020 _a9789945458053
040 _aDO-SdBNP
_bspa
_cBNPHU
_erda
041 _hspa
082 4 _axxx
_bT734
_222
100 _aDespradel Cabral, Alberto
_eautor
_984833
245 1 0 _aToussaint :
_bel libertador de los negros, biografía de Toussaint Louverture /
_cAlberto Despradel Cabral, Miguel Reyes Sánchez
264 _aSanto Domingo :
_bEdiciones Senderos del Mundo,
_c2011
300 _a263 páginas ;
_c24 cm.
336 _2rdacontent
_atexto
_btxt
337 _2rdamedia
_asin mediación
_bn
338 _2rdacarrier
_avolumen
_bnc
590 _aInventariado,2025/DG
700 1 _aReyes Sánchez, Miguel
_eautor
_984834
910 _aDG
942 _2ddc
_cLBS1
999 _c58564
_d58564